| 000 | 02301nam a22003137a 4500 | ||
|---|---|---|---|
| 003 | UA-OsUOA | ||
| 001 | 68610 | ||
| 007 | ta | ||
| 008 | 20100506b un ||||| |||| 00| 0 ukr d | ||
| 100 | _aГрабович Г. | ||
| 090 |
_a82.09(091)(477) _bГ75 |
||
| 942 | _cBK | ||
| 040 |
_aUA-OsUOA _bukr _cUA-OsUOA _dUA-OsUOA |
||
| 245 |
_aДо історії української літератури _bдослідження, есеї, полеміка |
||
| 300 | _a631 с. | ||
| 955 | _a1 | ||
| 041 | _aukr | ||
| 080 | _a82.09(091)(477) | ||
| 020 | _a966-7679-27-6 | ||
| 520 | 3 | _aеорія та історія: "горизонт сподівань" і рання рецепція нової української літератури (2)II. ПЕРСПЕКТИВИ ТА ВЗАЄМОПОВ’ЯЗАННЯПольсько-українські літературні взаємини: питання культурної перспективиГрані міфічного: образ України в п | |
| 520 | 3 | _aдіалектика відсутностіДо ідеології Ренесансу в українській літературі: Касіяна Саковича "ВЂршЂ на жалосный погреб зацного рыцера Петра Конашевича Сагайдачного""Wojna domowa" Самуеля Твардовського: літературний контекст і аспекти жанруСема | |
| 520 | 3 | _aнтика котляревщиниДиптих про ТичинуІ. Поезія відновленняII. "Чернігів"Голоси української еміграційної поезіїIV. ДИСКУСІЇ, ПОЛЕМІКАСергій Єфремов як історик українського письменстваДо історії української літератури ( | |
| 520 | 3 | _a2)Ще про "неісторичні" нації і "неповні" літературиЕкзорцизм українського модернізмуБібліографія вміщених працьПокажчик імен | |
| 520 | 3 | _a | |
| 520 | 3 | _a | |
| 260 |
_aК. _bКритика _c2003 |
||
| 650 | 7 |
_a82 Література. Літературознавство _2UDC |
|
| 999 |
_c354866 _d354866 |
||